Catálogo público

Empresa MASPESCA S.A. de C.V., Progreso, Yucatán, México / (Record no. 220767)

MARC details
000 -CABECERA
campo de control de longitud fija 01713nam a2200337 a 4500
003 - IDENTIFICADOR DEL NÚMERO DE CONTROL
campo de control Mxchpua
005 - FECHA Y HORA DE LA ÚLTIMA TRANSACCIÓN
campo de control 20260310090628.0
007 - CAMPO FIJO DE DESCRIPCIÓN FÍSICA--INFORMACIÓN GENERAL
campo de control de longitud fija ta
008 - DATOS DE LONGITUD FIJA--INFORMACIÓN GENERAL
campo de control de longitud fija 250730s2025 mx bdeofs|||| 001 0 spa d
040 ## - FUENTE DE LA CATALOGACIÓN
Centro catalogador/agencia de origen mxchpua
090 ## - LOCALMENTE ASIGNADO TIPO-LC NÚMERO DE CLASIFICACIÓN (OCLC); NÚMERO DE CLASIFICACIÓN LOCAL (RLIN)
Número de clasificación (OCLC) (R) ; Numero de clasificación, CALL (RLIN) (NR) T.C.986
Número cutter local (OCLC) ; Número de libro/Signatura topográfica íntegra, CALL (RLIN) A43 EIUPA
Año 2025
245 10 - MENCIÓN DE TÍTULO
Título Empresa MASPESCA S.A. de C.V., Progreso, Yucatán, México /
Mención de responsabilidad, etc. coordinador Carlos Enrique Álvarez Moreno ; colaboradores Luis Emanuel González Flores...[y otros]
260 ## - PUBLICACIÓN, DISTRIBUCIÓN, ETC.
Lugar de publicación, distribución, etc. Chapingo, México :
Nombre del editor, distribuidor, etc. El autor,
Fecha de publicación, distribución, etc. 2025
300 ## - DESCRIPCIÓN FÍSICA
Extensión 1 recurso en línea (178 páginas) :
Otras características físicas mapas, gráficas, diagramas, tablas, fotos, planos
336 ## - TIPO DE CONTENIDO
Fuente rdacontent
Término de tipo de contenido Texto
Código de tipo de contenido txt
337 ## - TIPO DE MEDIO
Fuente rdamedia
Nombre/término del tipo de medio computadora
Código del tipo de medio c
338 ## - TIPO DE SOPORTE
Fuente rdacarrier
Nombre/término del tipo de soporte resurso en línea
Código del tipo de soporte cr
500 ## - NOTA GENERAL
Nota general 7° año Grupo 1
502 ## - NOTA DE TESIS
Nota de tesis Viaje de Estudios
Tipo de título (EIUPA) --
Nombre de la institución que otorga el título UACh. Departamento de Ingeniería Agroindustrial,
Año de obtención del título 2025
504 ## - NOTA DE BIBLIOGRAFÍA, ETC.
Nota de bibliografía, etc. Bibliografía: páginas 147-149
505 0# - NOTA DE CONTENIDO CON FORMATO
Nota de contenido con formato 4 planos : --<br/>1. Plano de distribución de áreas --<br/>2. Plano de distribución de equipos --<br/>3. Diagrama de recorrido nacional --<br/>4. Diagrama de recorrido internacional
650 13 - PUNTO DE ACCESO ADICIONAL DE MATERIA--TÉRMINO DE MATERIA
Término de materia o nombre geográfico como elemento de entrada Industria pesquera
Subdivisión geográfica México
-- Yucatán
9 (RLIN) 152012
650 13 - PUNTO DE ACCESO ADICIONAL DE MATERIA--TÉRMINO DE MATERIA
Término de materia o nombre geográfico como elemento de entrada Industria de los alimentos congelados
Subdivisión geográfica México
-- Yucatán
9 (RLIN) 185265
650 13 - PUNTO DE ACCESO ADICIONAL DE MATERIA--TÉRMINO DE MATERIA
Término de materia o nombre geográfico como elemento de entrada Plantas procesadoras de pescado
Subdivisión geográfica México
-- Yucatán
9 (RLIN) 189716
650 13 - PUNTO DE ACCESO ADICIONAL DE MATERIA--TÉRMINO DE MATERIA
Término de materia o nombre geográfico como elemento de entrada Fish industry
Subdivisión geográfica Mexico
-- Yucatán
9 (RLIN) 152010
650 13 - PUNTO DE ACCESO ADICIONAL DE MATERIA--TÉRMINO DE MATERIA
Término de materia o nombre geográfico como elemento de entrada Frozen foods industry
Subdivisión geográfica Mexico
-- Yucatán
9 (RLIN) 158556
650 13 - PUNTO DE ACCESO ADICIONAL DE MATERIA--TÉRMINO DE MATERIA
Término de materia o nombre geográfico como elemento de entrada Fish processing plants
Subdivisión geográfica Mexico
-- Yucatán
9 (RLIN) 189717
700 1# - PUNTO DE ACCESO ADICIONAL--NOMBRE DE PERSONA
Nombre de persona Álvarez Moreno, Carlos Enrique
Término indicativo de función/relación coordinador
9 (RLIN) 187445
700 1# - PUNTO DE ACCESO ADICIONAL--NOMBRE DE PERSONA
Nombre de persona González Flores, Luis Emanuel
9 (RLIN) 190802
Término indicativo de función/relación colaborador
856 41 - LOCALIZACIÓN Y ACCESO ELECTRÓNICOS
Texto de enlace DESCARGAR REPORTE
Identificador Uniforme del Recurso <a href="http://10.13.5.2/ve/TC986_EIUPA/TC986_EIUPA_2025-REPORTE.pdf">http://10.13.5.2/ve/TC986_EIUPA/TC986_EIUPA_2025-REPORTE.pdf</a>
Holdings
Estado de retiro Estado de pérdida Fuente del sistema de clasificación o colocación Estado dañado No para préstamo Código de colección Localización permanente Ubicación/localización actual Ubicación en estantería Fecha de adquisición Fuente de adquisición Total de préstamos Signatura topográfica completa Código de barras Fecha visto por última vez Precio válido a partir de Tipo de ítem Koha
    Clasificación Universidad Autónoma de Chapingo     Viajes de estudio - En línea Ingenieria Agroindustrial Ingenieria Agroindustrial En línea 30/07/2025 El autor   T.C.986 A43 EIUPA 2025 1206015652 30/07/2025 30/07/2025 Viajes de Estudio - En línea